Instrumentos para el análisis diferencial de género

Kaydedildi:
Detaylı Bibliyografya
Materyal Türü: Metin
Konular:
Etiketler: Etiketle
Etiket eklenmemiş, İlk siz ekleyin!

MARC

LEADER 00000 a a2200000 04500
001 48058
003
040
245 |a Instrumentos para el análisis diferencial de género  
500 |a Tomado de M.A. Fauné. Género y desarrollo. San José: IICA, 1993.  
650 |a GENERO  
650 |2 Macrothesaurus de la OCDE/  
650 |a ANALISIS DE GENERO  
650 |2 Macrothesaurus de la OCDE/  
650 |a PROYECTOS DE DESARROLLO  
650 |2 Macrothesaurus de la OCDE/  
773 |p áginas 10-22 [7]  
999 |c 30020  |d 30020